| 000 | 00434nam a2200157 i 4500 | ||
|---|---|---|---|
| 001 | 98274 | ||
| 003 | ES-MaACL | ||
| 005 | 20230906182240.0 | ||
| 007 | t| | ||
| 008 | 050727s1932 ag ||||1| spa d | ||
| 100 | 1 |
_aMartelli, Sixto C. _977166 |
|
| 245 | 1 | 0 |
_aConcéntricas _b: motivos de Buenos Aires / _cSixto C. Martelli. |
| 260 |
_aBuenos Aires : _bA. Plantié, _c1932. |
||
| 300 |
_a80 p. ; _c24 cm. |
||
| 852 |
_aES-MaACL _jA-1887 |
||
| 999 |
_c98274 _d98274 |
||